Beliefs | 4 | 8 | 0 | 0 | 140 | 63 | 99.00 | 7 | 12 |
Fine Arts - Visual Fine Arts | 2 | 6 | 1 | 0 | 85 | 49 | 97.25 | 6 | 8 |
World and Other Literature | 0 | 8 | 0 | 0 | 80 | 89 | 119.63 | 6 | 8 |
Literature - European Literature | 2 | 5 | 0 | 1 | 80 | 69 | 104.29 | 6 | 7 |
Literature - American Literature | 2 | 4 | 0 | 1 | 70 | 54 | 88.00 | 3 | 6 |
Literature - British Literature | 0 | 6 | 0 | 0 | 60 | 99 | 133.67 | 1 | 6 |
Fine Arts - Auditory Fine Arts | 1 | 4 | 3 | 0 | 40 | 93 | 106.20 | 2 | 5 |
Philosophy | 0 | 5 | 2 | 0 | 40 | 103 | 113.20 | 3 | 5 |
Science - Biology | 0 | 5 | 3 | 1 | 35 | 86 | 115.00 | 4 | 5 |
Science - Physics | 0 | 3 | 0 | 0 | 30 | 70 | 80.00 | 2 | 3 |
Social Science | 0 | 3 | 0 | 0 | 30 | 79 | 107.33 | 1 | 3 |
Ancient History and Archaeology | 0 | 3 | 0 | 1 | 30 | 89 | 114.33 | 2 | 3 |
Other Arts: Auditory | 0 | 3 | 0 | 0 | 30 | 75 | 100.33 | 2 | 3 |
Other Arts: Visual | 0 | 2 | 0 | 1 | 20 | 82 | 112.50 | 1 | 1 |
British and Commonwealth History | 0 | 2 | 0 | 0 | 20 | 108 | 121.00 | 0 | 2 |
Other Science: Earth Science | 0 | 2 | 0 | 0 | 20 | 96 | 110.50 | 1 | 2 |
History - American History | 0 | 2 | 1 | 0 | 15 | 96 | 97.00 | 1 | 2 |
Other Science: Math | 0 | 1 | 0 | 0 | 10 | 78 | 78.00 | 0 | 1 |
Other Science: Computer Science | 0 | 1 | 0 | 0 | 10 | 108 | 108.00 | 0 | 1 |
Current Events | 0 | 1 | 0 | 0 | 10 | 118 | 118.00 | 1 | 1 |
History - World History | 0 | 1 | 1 | 0 | 5 | 117 | 117.00 | 0 | 1 |
History - European History | 0 | 0 | 2 | 0 | -10 | | 0.00 | 0 | 0 |